EPIC: The Musical Songs by Lyrics #2 - Statistics

General Stats
  • This quiz has been taken 47 times
  • The average score is 19 of 40
Answer Stats
Hint Answer % Correct
You're quiet today. Scylla
69%
How am I supposed to evade him? Suffering
66%
...and save more lives with guile Monster
62%
You were quick to hatch a plan! Mutiny
62%
Though it's only for a moment Wouldn't You Like
62%
There are more of them..? Remember Them
59%
One fumed with rage The Horse and the Infant
59%
Curse the war, our food store's depleted! Full Speed Ahead
55%
How could I hurt you? Just a Man
55%
I had no friends but the sky and sun Not Sorry For Loving You
55%
You've destroyed the serpent's head Odysseus
55%
How could you say that? Would You Fall in Love With Me Again
55%
The island I've been searching for Charybdis
52%
I can't have you disagree each route Luck Runs Out
52%
Is it nature or divine? Storm
52%
Exhaust him! Survive
52%
Let us puppets leave There Are Other Ways
52%
I no longer dream The Underworld
52%
Now I know how to get back to my island! Different Beast
48%
To truly understand this kind of filth Little Wolf
48%
Here to entertain, but fear not I bring no pain Love in Paradise
48%
Make a greater tomorrow! Warrior of the Mind
48%
You can do better than that! God Games
45%
They keep taking space Legendary
45%
...through the toughest of hells No Longer You
45%
I've got a name to uphold Get in the Water
41%
I'd capture wind and sky for yoy I Can't Help But Wonder
41%
Hostile creatures that we could resist Puppeteer
41%
We're bound to break the ice now! Ruthlessness
41%
You said the world was dark! Six Hundred Strike
38%
For true nature will be revealed Thunder Bringer
38%
Why are you here? Dangerous
34%
We've faced a heavy loss Done For
34%
No blood-shedding here today! Polyphemus
34%
Time is fleeting, it's running out The Challenge
34%
You severed your own head My Goodbye
31%
To fall is to learn one way We'll Be Fine
31%
We can breach it Hold Them Down
28%
That's how it's supposed to be. Keep Your Friends Close
28%
We'll SURVIVE what we get into! Open Arms
28%
No matching quizzes found
Score Distribution
Percent of People with Each Score
Percentile by Number Answered
Your Score History
You have not taken this quiz